| 000 | 00654nam a22002057a 4500 | ||
|---|---|---|---|
| 003 | NUST-PNEC | ||
| 005 | 20170114142541.0 | ||
| 008 | 140517b xxu||||| |||| 00| 0 eng d | ||
| 020 | _a0071069674 | ||
| 040 | _cPNEC | ||
| 082 | _a621.4022 HOL | ||
| 100 |
_91 _aHolman J P |
||
| 245 |
_aHeat transfer _cJ P Holman |
||
| 250 | _a10th ed. | ||
| 260 |
_aNew Dehli _bMcGraw-Hill Education (India)Pvt.Ltd. _cc.2011 |
||
| 300 |
_axiii. 674 p.: _bill. : _c24 cm. |
||
| 500 | _aIncludes Index http://www.amazon.com/Heat-Transfer-SIE-SI-Units/dp/0071069674/ref=sr_1_1?s=books&ie=UTF8&qid=1400323341&sr=1-1&keywords=0071069674 | ||
| 650 | _xME | ||
| 942 |
_2ddc _cBK |
||
| 999 |
_c60136 _d60136 |
||